Loading...
| Philosophy | 0 | 6 | 1 | 0 | 55 | 47 | 68.17 | 1 | 4 | 24.14 | 42.89 |
| Literature - British | 0 | 5 | 0 | 0 | 50 | 76 | 102.20 | 0 | 2 | 11.21 | 26.97 |
| Fine Arts - Other | 0 | 5 | 0 | 0 | 50 | 48 | 86.80 | 1 | 2 | 15.89 | 31.04 |
| History - European | 0 | 4 | 0 | 0 | 40 | 60 | 93.75 | 0 | 1 | 10.57 | 12.70 |
| History - World | 0 | 4 | 1 | 0 | 35 | 34 | 52.75 | 1 | 2 | 20.66 | 24.77 |
| Literature - European | 0 | 3 | 0 | 1 | 30 | 100 | 115.33 | 0 | 0 | 4.21 | 8.41 |
| Fine Arts - Visual | 0 | 3 | 0 | 0 | 30 | 105 | 112.67 | 0 | 0 | 4.91 | 13.33 |
| Literature - American | 0 | 3 | 0 | 0 | 30 | 57 | 100.33 | 0 | 2 | 7.90 | 16.82 |
| Fine Arts - Classical Music | 0 | 2 | 0 | 0 | 20 | 44 | 56.50 | 0 | 2 | 10.51 | 14.55 |
| Geography/Current Events | 0 | 2 | 0 | 1 | 20 | 70 | 100.00 | 1 | 1 | 7.20 | 21.67 |
| History - Other | 0 | 2 | 0 | 0 | 20 | 31 | 63.50 | 1 | 1 | 8.27 | 10.23 |
| Literature - World/Other | 0 | 2 | 0 | 0 | 20 | 83 | 112.00 | 0 | 0 | 4.12 | 4.55 |
| Other Academic | 0 | 2 | 0 | 0 | 20 | 34 | 60.50 | 1 | 1 | 51.75 | 75.00 |
| Science - Other | 0 | 1 | 0 | 0 | 10 | 97 | 97.00 | 0 | 0 | 2.31 | 2.27 |
| Social Science | 0 | 1 | 0 | 0 | 10 | 41 | 41.00 | 0 | 1 | 5.85 | 6.82 |
| History - American | 0 | 1 | 1 | 0 | 5 | 76 | 76.00 | 0 | 0 | 3.08 | 5.45 |